00405nam a2200133Ia 450000500170000000800410001708200160005810000220007424500980009626000410019430000140023565000130024965000090026220240514050156.0240331s9999 xx 000 0 und d bMOLa331.62 aMoldrich, Donovan 0aBitter Berry Bondage :bthe nineteenth century coffee workers of Sri LankacDonovan, Moldrich aKandybCeylon printers limitedc1990 a207, p ., aEconomic alaws